000 00381nam a22001577a 4500
005 20160618163744.0
008 160618b xxu||||| |||| 00| 0 eng d
041 _aeng
082 _b8270
100 _aAgarwal, Nair and Banerjee
_92267
245 _aPersonal Mgt. and Industrial Relations
260 _bPragati
_c2006
300 _a221
650 _aManagement
_9241
942 _cBK
999 _c3173
_d3172